| 000 | 00466nam a2200157 i 4500 | ||
|---|---|---|---|
| 001 | bg | ||
| 245 | 0 |
_aPodstawy odlewnictwa : _bćwiczenia laboratoryjne / _cpod red. Jacka Jackowskiego. |
|
| 260 |
_aPoznań : _bWydaw. Politechniki Poznańskiej, _c1993. |
||
| 300 |
_a167 s. : _brys., wykr. ; _c24 cm. |
||
| 504 | _aBibliogr. przy rozdz. | ||
| 040 | _cBPK | ||
| 041 | _apol | ||
| 080 | _a621.74(075.8)(076) | ||
| 942 | _cKS | ||
| 008 | s pl f |000 0 pol | ||
| 999 |
_c6372 _d6372 |
||
| 856 |
_uhttp://koha.tu.koszalin.pl/cgi-bin/koha/opac-detail.pl?biblionumber=6372 _yKatalog online BPK |
||